Normal view
MARC view
Entry Título uniforme
001 - NÚMERO DE CONTROL
- campo de control: 187641
003 - IDENTIFICADOR DE NÚMERO DE CONTROL
- campo de control: ES-MaACL
005 - FECHA Y HORA DE LA ÚLTIMA TRANSACCIÓN
- campo de control: 20250715031644.0
008 - ELEMENTOS DE DATO DE LONGITUD-FIJA
- campo de control de longitud fija: 230517|| aca||aabn | a|a d
040 ## - FUENTE DE CATALOGACIÓN
- Centro catalogador/agencia de origen: ES-MaACL
- Centro/agencia transcriptor: ES-MaACL
130 #0 - ENCABEZAMIENTO--TÍTULO UNIFORME
- Título uniforme: Monumentos arquitectónicos de España
670 ## - FUENTE DE DATOS ENCONTRADOS
- Cita de la fuente: Work cat.: (ES-MaACL)151448: Amador de los Ríos, José ( 1818-1878) 21088, La Cámara Santa de la catedral de Oviedo y sus más antiguos monumentos artistico-industriales / , 1877 (
